Rzym - quiz wielokrotnego wyboru - Statystyki

Ogólne statystyki
  • Ten quiz został rozwiązany 1 064 razy
  • Średni wynik to 8 z 10
Statystyki odpowiedzi
Zagadnienie Odpowiedź % Poprawnych
Jaka rzecz z poniższych jest symbolem Rzymu? Wilczyca karmiąca dwoje niemowląt
93%
Pod jaką inną nazwą znany jest Rzym? Wieczne Miasto
92%
W Watykanie znajduje się największy kościół świata. Czyje imię nosi ta świątynia? Św. Piotra
90%
Która z poniższych rzek przepływa przez Rzym? Tyber
87%
Jak nazywa się region, w którym położony jest Rzym? Lacjum
81%
W którym roku według tradycji założono Rzym? 753 p.n.e.
76%
Jakie rzymskie danie ma swoje korzenie w 1944 r., kiedy to armia amerykańska przywiozła do miasta obfite ilości taniego bekonu? Carbonara
75%
W Starożytnym Rzymie, czym było Circus Maximus? Stadionem wyścigów rydwanów
71%
Jaki film z 1960 roku najlepiej oddawał beztroskie, powojenne lata boomu w Rzymie? Słodkie życie
63%
Jaką nadzieję mają ludzie wrzucający monetę do Fontanny di Trevi? Powrotu do Rzymu
61%
Nie znaleziono quizów pasujących do podanych kryteriów
Rozkład punktacji
Procent ludzi z każdym wynikiem
Percentyl według liczby udzielonych odpowiedzi
Twoja historia wyników
Nie rozwiązałeś tego quizu